Normal view MARC view
  • Ahmed ,Mateen

Entry Personal Name

Number of records used in: 1

001 - CONTROL NUMBER

  • control field: 126507

003 - CONTROL NUMBER IDENTIFIER

  • control field: NUST

005 - DATE AND TIME OF LATEST TRANSACTION

  • control field: 20241026164131.0

008 - FIXED-LENGTH DATA ELEMENTS

  • fixed length control field: 241026|| aca||aabn | a|a d

040 ## - CATALOGING SOURCE

  • Original cataloging agency: NUST
  • Transcribing agency: NUST

100 ## - HEADING--PERSONAL NAME

  • Personal name: Ahmed ,Mateen

670 ## - SOURCE DATA FOUND

  • Source citation: Work cat.: (NUST): Ahmed ,Mateen , Bidirectional Language Agnostic Framework for Sign Language Production and Recognition /
© 2023 Central Library, National University of Sciences and Technology. All Rights Reserved.